000 00418nam a2200181Ia 4500
003 OSt
005 20220715095128.0
008 210210b1936 xxu||||| |||| 00| 0 eng d
040 _cAL
041 _aeng
082 _a513/19
100 _aBOWMAN (F)
_949719
245 _aElementary calculus
260 _aLondon
_bLongman Green & Co Ltd
_c1936
690 _aCalculus
_949720
906 _a007299
942 _2ddc
_cBK
999 _c139724
_d139724